000 00435nam a2200145Ia 4500
008 231129s2010||||xx |||||||||||||| ||spa||
020 _a978-958-8427-44-7
040 _bspa
082 _aCo864 C961r
100 _aCuartas Restrepo Pablo
245 0 _aEl rey está desnudo : ensayos sobre la cultura de consumo en Medellí­n
260 _c2010
264 _aLa Carreta Editores
942 _2ddc
_cBKS
999 _c12326
_d12326